000 00946nam a2200265 i 4500
003 EG-GICUC
005 20260121101157.0
008 251108s1964 EG ||||fr|||| 000 0 ara d
040 _a EG-GICUC
_bara
_c EG-GICUC
_d EG-GICUC
_erda
082 0 4 _221
_a341.73
_bع ب . ن
092 0 4 _221
099 _alaw1 11 341.73 1964 ع ب . ن
100 0 _aالعريان ، عبد الله
_eAuthor.
245 _aالنظام الدولي والسلام العالمي /
_cإينيس ل .كلود
264 _aالقاهرة :
_bدار النهضة العربية ،
_c1964.
300 _a717 صفحة :
_c24 سم
336 _2rda content
_atext
337 _2rda media
_aComputer
338 _2rda carrier
_aOnline Resource
546 _aالنص باللغة العربية
650 1 4 _aالقانون الدولي العام
856 4 0 _uhttps://fll.law.cu.edu.eg/fulltext/bks/B11-04422.pdf
905 _a39
942 _2ddc
_cBK
_e21
_n0
999 _c41756
_d41756